[Event "1. Wolfgang-Schoebel-Gedenkturnier"]
[Site "Schoeneck"]
[Date "2017.12.29"]
[Round "5"]
[White "Everett, Elijah"]
[Black "Engel, Berthold"]
[Result "1-0"]
[WhiteElo "2189"]
[BlackElo "2149"]
[PlyCount "149"]
[EventDate "2017.12.27"]
[EventType "swiss"]
[EventRounds "7"]
[EventCountry "GER"]

1. e4 e6 2. d4 d5 3. Nc3 Nf6 4. e5 Ng8 5. a3 b6 6. Bb5+ c6 7. Ba4 Bd7 8. Nf3
Ne7 9. Ne2 c5 10. Bb3 cxd4 11. Nexd4 Nbc6 12. Be3 Nxd4 13. Nxd4 Nc6 14. Nxc6
Bxc6 15. O-O Qc7 16. Re1 g6 17. c3 Bg7 18. Bd4 O-O 19. Qg4 Rac8 20. h4 h5 21.
Qh3 Kh7 22. g4 hxg4 23. Qxg4 Rh8 24. f4 Kg8 25. Kf2 Kf8 26. Rh1 Rh5 27. Qg3 Bh6
28. Bc2 Ke7 29. Rag1 Rg8 30. Ke1 Kd8 31. Bd1 Rf5 32. Rf1 Bb5 33. Rf2 Qc4 34. b3
Qd3 35. Qxd3 Bxd3 36. Be3 Be4 37. Rhh2 Ke7 38. Bd2 Rh8 39. Bg4 Bf8 40. Bxf5
Bxf5 41. Be3 Kd7 42. a4 Be7 43. Ra2 Bxh4+ 44. Kd1 Rh5 45. a5 Bg3 46. Rhg2 Rh3
47. axb6 axb6 48. Ra7+ Ke8 49. Rga2 Kf8 50. R2a6 Rh1+ 51. Ke2 Be4 52. Rxb6 Rh2+
53. Kd1 Rh1+ 54. Kd2 Rh2+ 55. Kc1 Rc2+ 56. Kd1 d4 57. Ra4 Rxc3 58. Bxd4 Rd3+
59. Ke2 Bf5 60. Rb8+ Kg7 61. Bf2 Bh2 62. Bh4 g5 63. Bxg5 Rc3 64. Bf6+ Kg6 65.
Rd4 Rc2+ 66. Kd1 Rf2 67. Bg5 Bg4+ 68. Kc1 Kf5 69. b4 Bg1 70. Rd7 Bh5 71. b5 Kg4
72. b6 Bg6 73. b7 Rc2+ 74. Kd1 Be3 75. Rc8 1-0

[Event "1. Wolfgang-Schoebel-Gedenkturnier"]
[Site "Schoeneck"]
[Date "2017.12.29"]
[Round "5"]
[White "Froehlich Dill, Astrid"]
[Black "Penzel, Nils"]
[Result "1/2-1/2"]
[WhiteElo "1817"]
[BlackElo "2146"]
[PlyCount "86"]
[EventDate "2017.12.27"]
[EventType "swiss"]
[EventRounds "7"]
[EventCountry "GER"]

1. d4 Nf6 2. c4 g6 3. Nc3 Bg7 4. e4 d6 5. f3 O-O 6. Be3 c5 7. Qd2 cxd4 8. Bxd4
Nc6 9. Be3 Be6 10. Nd5 Qd7 11. Ne2 Rfc8 12. Nec3 Ne5 13. b3 Bxd5 14. exd5 Nxd5
15. Qxd5 Nxc4 16. Bxc4 Bxc3+ 17. Kf2 e6 18. Qd1 Bxa1 19. Qxa1 b5 20. Bd3 Rc7
21. Bh6 f5 22. h4 e5 23. h5 Rac8 24. hxg6 hxg6 25. Bg5 Rc3 26. Bc4+ R3xc4 27.
bxc4 bxc4 28. Bf6 Qe6 29. Rh8+ Kf7 30. Rxc8 Qxc8 31. Bg5 c3 32. Qd1 Ke6 33.
Qb3+ d5 34. Qa3 Qc7 35. Qf8 Qb6+ 36. Kg3 d4 37. Qg8+ Kd7 38. Qf7+ Kc8 39. Qe8+
Kb7 40. Qd7+ Qc7 41. Qb5+ Kc8 42. Qe8+ Kb7 43. Qb5+ Kc8 1/2-1/2

[Event "1. Wolfgang-Schoebel-Gedenkturnier"]
[Site "Schoeneck"]
[Date "2017.12.29"]
[Round "5"]
[White "Jung, Kenny"]
[Black "Damljanovic, Sreten"]
[Result "0-1"]
[WhiteElo "1462"]
[BlackElo "1533"]
[PlyCount "24"]
[EventDate "2017.12.27"]
[EventType "swiss"]
[EventRounds "7"]
[EventCountry "GER"]

1. e4 c5 2. Nf3 e6 3. b3 d5 4. exd5 Qxd5 5. Bb2 Nc6 6. c4 Qd8 7. Be2 Nf6 8. Nc3
Be7 9. Qc2 O-O 10. a3 b6 11. O-O-O Nd4 12. d3 Nxc2 0-1

[Event "1. Wolfgang-Schoebel-Gedenkturnier"]
[Site "Schoeneck"]
[Date "2017.12.29"]
[Round "5"]
[White "Meyer, Kai Christian"]
[Black "Dolzhykova, Kateryna"]
[Result "1/2-1/2"]
[WhiteElo "2153"]
[BlackElo "2238"]
[PlyCount "120"]
[EventDate "2017.12.27"]
[EventType "swiss"]
[EventRounds "7"]
[EventCountry "GER"]

1. c4 e5 2. Nc3 Bb4 3. g3 Bxc3 4. dxc3 d6 5. Nf3 f5 6. Bg2 Nf6 7. Qa4+ Nc6 8.
c5 O-O 9. cxd6 cxd6 10. Bg5 h6 11. Bxf6 Qxf6 12. e3 f4 13. exf4 exf4 14. O-O
Ne5 15. Qxf4 Qxf4 16. gxf4 Ng6 17. Rad1 Rf6 18. f5 Bxf5 19. Nd4 Bg4 20. Bxb7
Rb8 21. Bd5+ Kh8 22. f3 Bh3 23. Rf2 Nf4 24. Be4 d5 25. Bb1 Re8 26. Rfd2 Re5 27.
Kf2 Rg5 28. Rg1 Bg2 29. Ke1 h5 30. h4 Re5+ 31. Kd1 Bh3 32. Re1 Rxe1+ 33. Kxe1
Ng2+ 34. Kf2 Nxh4 35. Kg3 Bf5 36. Kxh4 Bxb1 37. Kxh5 Bxa2 38. Re2 Bb1 39. Re8+
Kh7 40. Re7 a6 41. Ne6 Bg6+ 42. Kg5 Bf7 43. Nd4 Kg8 44. Rc7 Rb6 45. b4 Rg6+ 46.
Kf4 Rg1 47. Ke5 Re1+ 48. Kd6 Rc1 49. Rc6 Ra1 50. Kc7 Kh7 51. Kb7 Ra3 52. Ka7
Be8 53. Rc7 Kg6 54. Ne6 a5 55. bxa5 Rxa5+ 56. Kb6 Rb5+ 57. Ka6 Rb3 58. Nf4+ Kf5
59. Nxd5 Bh5 60. Rxg7 Bxf3 1/2-1/2

[Event "1. Wolfgang-Schoebel-Gedenkturnier"]
[Site "Schoeneck"]
[Date "2017.12.29"]
[Round "5"]
[White "Ochs, Daniel Elias"]
[Black "Becker, Peter"]
[Result "1/2-1/2"]
[WhiteElo "1614"]
[BlackElo "1851"]
[PlyCount "51"]
[EventDate "2017.12.27"]
[EventType "swiss"]
[EventRounds "7"]
[EventCountry "GER"]

1. d4 Nf6 2. Nf3 c5 3. c3 g6 4. Bg5 Bg7 5. e3 cxd4 6. exd4 O-O 7. Bd3 d6 8. O-O
Bg4 9. h3 Bxf3 10. Qxf3 Nbd7 11. Nd2 Qa5 12. Bh4 e5 13. Nb3 Qb6 14. Rfe1 Rfe8
15. Bf1 Qc6 16. Qxc6 bxc6 17. Na5 Rac8 18. Nc4 Re6 19. dxe5 dxe5 20. Bg3 Nd5
21. Be2 f5 22. f3 Bf8 23. Bf2 Bc5 24. Bf1 Bxf2+ 25. Kxf2 e4 26. fxe4 1/2-1/2

[Event "1. Wolfgang-Schoebel-Gedenkturnier"]
[Site "Schoeneck"]
[Date "2017.12.29"]
[Round "5"]
[White "Poetsch, Gero"]
[Black "Nazarenus, Moritz"]
[Result "0-1"]
[WhiteElo "1928"]
[BlackElo "2261"]
[PlyCount "128"]
[EventDate "2017.12.27"]
[EventType "swiss"]
[EventRounds "7"]
[EventCountry "GER"]

1. e4 c6 2. Nc3 d5 3. Nf3 dxe4 4. Nxe4 Bg4 5. d4 e6 6. Bd3 Be7 7. Be3 Bh5 8. h3
Nf6 9. g4 Bg6 10. Ng3 Nbd7 11. Qe2 Bxd3 12. Qxd3 Qc7 13. O-O-O O-O-O 14. Qb3
Bd6 15. g5 Nd5 16. Ne4 Nxe3 17. fxe3 Be7 18. Rhf1 Qb6 19. Qxb6 axb6 20. Ne5
Nxe5 21. dxe5 Rxd1+ 22. Kxd1 Rf8 23. a4 Kd7 24. Ke2 Bd8 25. Rd1+ Ke7 26. Nd6
Bc7 27. Nxb7 Bxe5 28. a5 Rb8 29. a6 Bc7 30. Kf3 Ra8 31. Ra1 Be5 32. c3 Bc7 33.
Ke4 Kd7 34. b4 b5 35. c4 bxc4 36. Nc5+ Ke7 37. Kd4 c3 38. Ra2 f6 39. gxf6+ Kxf6
40. Kxc3 g5 41. Kc4 h5 42. b5 cxb5+ 43. Kxb5 g4 44. hxg4 hxg4 45. Kc6 Ra7 46.
Nb7 Bb8 47. Kb6 g3 48. Nc5 Kf5 49. Rg2 Re7 50. Rd2 Ba7+ 51. Kc6 Rg7 52. e4+ Ke5
53. Rg2 Rg6 54. Nd7+ Kxe4 55. Kb7 Rg7 56. Kxa7 Rxd7+ 57. Kb6 Kf3 58. Ra2 g2 59.
Ra1 e5 60. a7 Rxa7 61. Kxa7 e4 62. Kb6 e3 63. Kc5 e2 64. Kd4 Kf2 0-1

[Event "1. Wolfgang-Schoebel-Gedenkturnier"]
[Site "Schoeneck"]
[Date "2017.12.29"]
[Round "5"]
[White "Poetsch, Hagen"]
[Black "Dunsbach, Ralf"]
[Result "1-0"]
[WhiteElo "2485"]
[BlackElo "2206"]
[PlyCount "61"]
[EventDate "2017.12.27"]
[EventType "swiss"]
[EventRounds "7"]
[EventCountry "GER"]

1. e4 c5 2. Nf3 d6 3. d4 cxd4 4. Nxd4 Nf6 5. Nc3 g6 6. Be3 Bg7 7. f3 O-O 8. Qd2
Nc6 9. O-O-O d5 10. Qe1 e5 11. Nxc6 bxc6 12. exd5 Nxd5 13. Bc4 Be6 14. h4 h5
15. Ne4 Qc7 16. Bc5 Rfd8 17. Kb1 Nf4 18. Bd6 Qb6 19. Bxe6 Nxe6 20. g4 Nf4 21.
Qc3 Nd5 22. Qa3 hxg4 23. c4 Nf6 24. Nxf6+ Bxf6 25. fxg4 e4 26. h5 c5 27. Bxc5
Rxd1+ 28. Rxd1 Bxb2 29. Qxb2 Qxc5 30. h6 Qb6 31. h7+ 1-0

[Event "1. Wolfgang-Schoebel-Gedenkturnier"]
[Site "Schoeneck"]
[Date "2017.12.29"]
[Round "5"]
[White "Romero Flores, Antonio"]
[Black "Hankel, Dennis"]
[Result "1/2-1/2"]
[WhiteElo "1884"]
[BlackElo "2128"]
[PlyCount "103"]
[EventDate "2017.12.27"]
[EventType "swiss"]
[EventRounds "7"]
[EventCountry "GER"]

1. e4 e5 2. Nf3 Nc6 3. Bb5 a6 4. Ba4 Nf6 5. O-O Be7 6. Re1 b5 7. Bb3 d6 8. c3
O-O 9. h3 Na5 10. Bc2 c5 11. d3 Re8 12. Nbd2 Bf8 13. Nf1 h6 14. Ng3 Nc6 15. a4
Rb8 16. axb5 axb5 17. Qe2 Be6 18. Nh2 Qd7 19. Qf3 Nh7 20. Nf5 Ng5 21. Qg3 Bxf5
22. exf5 Qxf5 23. h4 Ne6 24. Bxh6 Kh8 25. Bd2 d5 26. Ra6 Rbc8 27. Ng4 Nf4 28.
Qf3 Re6 29. g3 Rg6 30. Ne3 Qd7 31. Raa1 d4 32. Ng2 Qd5 33. Qxd5 Nxd5 34. Bb3
Rd6 35. Ra6 Nc7 36. Rb6 c4 37. dxc4 Na5 38. Rxd6 Bxd6 39. Ba2 Nxc4 40. Bc1 Nd5
41. Rd1 Bc5 42. cxd4 Bxd4 43. Ne1 Nb4 44. Bb3 Kg8 45. Nf3 Na5 46. Nxd4 exd4 47.
Bd2 Nxb3 48. Bxb4 Rc2 49. Ba3 Nd2 50. Bc5 d3 51. Be3 Nf3+ 52. Kg2 1/2-1/2

[Event "1. Wolfgang-Schoebel-Gedenkturnier"]
[Site "Schoeneck"]
[Date "2017.12.30"]
[Round "6"]
[White "Becker, Peter"]
[Black "Poetsch, Gero"]
[Result "0-1"]
[WhiteElo "1851"]
[BlackElo "1928"]
[PlyCount "94"]
[EventDate "2017.12.27"]
[EventType "swiss"]
[EventRounds "7"]
[EventCountry "GER"]

1. f4 e6 2. e3 b6 3. Nf3 c5 4. b3 Nf6 5. Bb2 Bb7 6. c4 d5 7. cxd5 exd5 8. Bb5+
Bc6 9. Bxc6+ Nxc6 10. O-O Be7 11. Ne5 Rc8 12. d3 d4 13. Nxc6 Rxc6 14. e4 Qd7
15. h3 h5 16. Na3 Bd8 17. Nc4 Bc7 18. Ne5 Bxe5 19. fxe5 Ng8 20. Bc1 Rg6 21. Qf3
Qe6 22. Bf4 Ne7 23. Bh2 Nc6 24. Qf5 Nb4 25. Qxe6+ Rxe6 26. Rf3 O-O 27. Bf4 Nc6
28. Raf1 Nxe5 29. Bxe5 Rxe5 30. Rf5 f6 31. R5f4 Kf7 32. h4 Rh8 33. Rf5 Rxf5 34.
Rxf5 g6 35. Rf4 Ke6 36. Rf2 Rf8 37. Kh2 Rf7 38. Kh3 f5 39. exf5+ Rxf5 40. Re2+
Re5 41. Rxe5+ Kxe5 42. Kg3 b5 43. a3 c4 44. bxc4 bxc4 45. dxc4 d3 46. Kf2 Kd4
47. Ke1 Kxc4 0-1

[Event "1. Wolfgang-Schoebel-Gedenkturnier"]
[Site "Schoeneck"]
[Date "2017.12.30"]
[Round "6"]
[White "Damljanovic, Sreten"]
[Black "Pomrehn, Ole Magnus"]
[Result "1/2-1/2"]
[WhiteElo "1533"]
[BlackElo "1535"]
[PlyCount "67"]
[EventDate "2017.12.27"]
[EventType "swiss"]
[EventRounds "7"]
[EventCountry "GER"]

1. e4 d5 2. exd5 Qxd5 3. Nc3 Qa5 4. d4 c6 5. Nf3 Bg4 6. Be2 Nf6 7. O-O Nbd7 8.
h3 Bh5 9. Nh2 Bxe2 10. Nxe2 e6 11. c3 Qc7 12. Bf4 Bd6 13. Bxd6 Qxd6 14. Qd3 O-O
15. Ng3 Rfd8 16. Ne4 Nxe4 17. Qxe4 Nf6 18. Qe2 Rd7 19. Nf3 Qd5 20. Ne5 Re7 21.
Rfe1 Rd8 22. Qf3 Qxf3 23. Nxf3 h6 24. Re2 Red7 25. Kf1 Rd5 26. Rae1 a6 27. Nd2
Rf5 28. Nb3 b6 29. Re5 Rd5 30. c4 Rdxe5 31. Rxe5 Rxe5 32. dxe5 Nd7 33. f4 c5
34. Ke2 1/2-1/2

[Event "1. Wolfgang-Schoebel-Gedenkturnier"]
[Site "Schoeneck"]
[Date "2017.12.30"]
[Round "6"]
[White "Dunsbach, Ralf"]
[Black "Froehlich Dill, Astrid"]
[Result "1-0"]
[WhiteElo "2206"]
[BlackElo "1817"]
[PlyCount "85"]
[EventDate "2017.12.27"]
[EventType "swiss"]
[EventRounds "7"]
[EventCountry "GER"]

1. c4 Nf6 2. g3 e6 3. Bg2 c5 4. Nf3 Nc6 5. O-O Be7 6. b3 O-O 7. Bb2 Rb8 8. Nc3
a6 9. d4 cxd4 10. Nxd4 Qc7 11. Rc1 b6 12. Nd5 Qd8 13. Nxc6 dxc6 14. Nxe7+ Qxe7
15. Bxc6 Bb7 16. Bxb7 Rxb7 17. Qc2 Nd7 18. Rfd1 f5 19. Qd2 Qf7 20. Qf4 Nc5 21.
Ba3 e5 22. Qxe5 Re7 23. Qb2 Qh5 24. Bxc5 Rxe2 25. Rd2 Rxd2 26. Qxd2 bxc5 27.
Qd5+ Kh8 28. Re1 h6 29. Qxc5 Rd8 30. Qe7 Rd1 31. Kg2 Rxe1 32. Qxe1 Qf7 33. Qe5
Qf8 34. h4 Qa3 35. Qxf5 Qxa2 36. Qf3 Qa3 37. Qe3 Qd6 38. h5 Qc6+ 39. f3 a5 40.
Qe4 Qd7 41. Qd5 Qe7 42. Qa8+ Kh7 43. Qe4+ 1-0

[Event "1. Wolfgang-Schoebel-Gedenkturnier"]
[Site "Schoeneck"]
[Date "2017.12.30"]
[Round "6"]
[White "Engel, Berthold"]
[Black "Romero Flores, Antonio"]
[Result "1-0"]
[WhiteElo "2149"]
[BlackElo "1884"]
[PlyCount "77"]
[EventDate "2017.12.27"]
[EventType "swiss"]
[EventRounds "7"]
[EventCountry "GER"]

1. c4 e6 2. b3 d5 3. Bb2 Nf6 4. Nf3 Be7 5. g3 O-O 6. Bg2 c5 7. cxd5 exd5 8. O-O
b6 9. d4 Bb7 10. Nc3 Nbd7 11. e3 Qc7 12. Rc1 Rad8 13. Qe2 Qc6 14. Rfd1 Qe6 15.
Qc2 h6 16. Ne2 Qe4 17. Qd2 Qf5 18. Nh4 Qh7 19. dxc5 Nxc5 20. Nf3 Nfe4 21. Qc2
Rc8 22. Qb1 Qf5 23. Nf4 Rcd8 24. Bh3 Qh7 25. Nd4 Rfe8 26. Ba1 Bd6 27. Nde2 Be5
28. b4 Na6 29. Bxe5 Rxe5 30. Nd4 Nd6 31. Nf3 Qxb1 32. Rxb1 Ree8 33. Bg2 Ne4 34.
Rd3 Rc8 35. a3 Rc2 36. Rf1 Nc7 37. Nd4 Ba6 38. Nxc2 Bxd3 39. Nxd3 1-0

[Event "1. Wolfgang-Schoebel-Gedenkturnier"]
[Site "Schoeneck"]
[Date "2017.12.30"]
[Round "6"]
[White "Grzeschniok, Anton"]
[Black "Rabiya, Karim"]
[Result "1/2-1/2"]
[WhiteElo "1876"]
[BlackElo "1890"]
[PlyCount "110"]
[EventDate "2017.12.27"]
[EventType "swiss"]
[EventRounds "7"]
[EventCountry "GER"]

1. e4 Nf6 2. e5 Nd5 3. d4 d6 4. f4 dxe5 5. fxe5 c5 6. c4 Nb4 7. dxc5 Qxd1+ 8.
Kxd1 Bf5 9. Na3 N8c6 10. Nf3 O-O-O+ 11. Ke1 Nd4 12. Nxd4 Rxd4 13. Bd2 Nd3+ 14.
Bxd3 Bxd3 15. Bc3 Re4+ 16. Kd2 Bxc4 17. Nxc4 Rxc4 18. b4 e6 19. Rhf1 Be7 20.
Rxf7 Rd8+ 21. Kc2 Bg5 22. Kb3 Rh4 23. Rxg7 h6 24. Rf1 Rf4 25. Rxf4 Bxf4 26. g3
Bg5 27. h4 Be3 28. Re7 Rg8 29. Rxe6 Rxg3 30. Rd6 Bf4 31. Rd5 Re3 32. Kc4 h5 33.
e6 Rxe6 34. Rxh5 Bg3 35. Rh8+ Kd7 36. Rh7+ Kc8 37. h5 a6 38. h6 b6 39. Rh8+ Kd7
40. cxb6 Rxb6 41. h7 Rc6+ 42. Kb3 Rxc3+ 43. Kxc3 Be5+ 44. Kc4 Bxh8 45. Kc5 Kc7
46. a4 Kb7 47. Kd6 Kb6 48. Kd7 Bc3 49. Ke6 Kc7 50. Kf7 Kc6 51. Kg8 Kd5 52. h8=Q
Bxh8 53. Kxh8 Kc4 54. b5 axb5 55. axb5 Kxb5 1/2-1/2

[Event "1. Wolfgang-Schoebel-Gedenkturnier"]
[Site "Schoeneck"]
[Date "2017.12.30"]
[Round "6"]
[White "Hankel, Dennis"]
[Black "Casagrande, Thomas"]
[Result "1-0"]
[WhiteElo "2128"]
[BlackElo "1951"]
[PlyCount "111"]
[EventDate "2017.12.27"]
[EventType "swiss"]
[EventRounds "7"]
[EventCountry "GER"]

1. d4 d5 2. Bf4 Nf6 3. e3 Bf5 4. c4 c6 5. Qb3 Qb6 6. Nc3 Qxb3 7. axb3 Na6 8.
cxd5 Nb4 9. dxc6 bxc6 10. Ra4 e6 11. Nf3 Be7 12. Ne5 O-O 13. Be2 Nfd5 14. Bg3
Nb6 15. Ra5 f6 16. Nf3 Nd3+ 17. Kd2 Bb4 18. Rxf5 Nxf2 19. Bxf2 exf5 20. Ra1 a5
21. Bd3 g6 22. Ke2 Rfe8 23. Rc1 f4 24. e4 Rad8 25. Kf1 c5 26. dxc5 Rxd3 27.
cxb6 Kg7 28. Nd5 Rxe4 29. b7 Bd6 30. Nc7 Rxb3 31. Nd2 Rxb7 32. Nxe4 Rxc7 33.
Rxc7+ Bxc7 34. Bd4 Bd8 35. Ke2 Kf7 36. Kf3 f5 37. Nd6+ Ke6 38. Nb7 Bc7 39. Bc3
g5 40. Bxa5 g4+ 41. Kf2 Bb8 42. Nc5+ Kd5 43. Nd7 Bd6 44. Nf6+ Kc4 45. Nxh7 f3
46. g3 f4 47. Nf6 fxg3+ 48. hxg3 Bc5+ 49. Kf1 Bd6 50. Ne4 Be5 51. Bc3 Bc7 52.
Kf2 Kd3 53. Nc5+ Kc4 54. Nd7 Kb3 55. Be5 Bd8 56. Nf6 1-0

[Event "1. Wolfgang-Schoebel-Gedenkturnier"]
[Site "Schoeneck"]
[Date "2017.12.30"]
[Round "6"]
[White "Nazarenus, Moritz"]
[Black "Dolzhykova, Kateryna"]
[Result "1/2-1/2"]
[WhiteElo "2261"]
[BlackElo "2238"]
[PlyCount "65"]
[EventDate "2017.12.27"]
[EventType "swiss"]
[EventRounds "7"]
[EventCountry "GER"]

1. d4 Nf6 2. c4 g6 3. Nc3 Bg7 4. e4 d6 5. f3 c6 6. Be3 a6 7. Bd3 b5 8. Nge2 O-O
9. O-O bxc4 10. Bxc4 a5 11. Rc1 Ba6 12. Bxa6 Nxa6 13. Na4 Rc8 14. Qd2 Re8 15.
b3 Nd7 16. Rfd1 c5 17. Nec3 cxd4 18. Bxd4 Nac5 19. Bxg7 Kxg7 20. Qd4+ Kg8 21.
Nd5 Nxa4 22. Qxa4 Nc5 23. Qd4 Ne6 24. Qa7 Ra8 25. Qe3 Qb8 26. f4 Qa7 27. Qxa7
Rxa7 28. f5 Nc5 29. f6 e5 30. Rc4 Kf8 31. Kf2 Rb8 32. Ke3 Ke8 33. Rd2 1/2-1/2

[Event "1. Wolfgang-Schoebel-Gedenkturnier"]
[Site "Schoeneck"]
[Date "2017.12.30"]
[Round "6"]
[White "Penzel, Frank"]
[Black "Ochs, Daniel Elias"]
[Result "1-0"]
[WhiteElo "2107"]
[BlackElo "1614"]
[PlyCount "63"]
[EventDate "2017.12.27"]
[EventType "swiss"]
[EventRounds "7"]
[EventCountry "GER"]

1. e4 c5 2. Nf3 e6 3. c3 Nf6 4. e5 Nd5 5. d4 cxd4 6. Qxd4 Nc6 7. Qe4 Be7 8. Bd3
d6 9. exd6 Qxd6 10. Na3 Nf6 11. Qe2 Qd7 12. Nc4 O-O 13. Bf4 Nd5 14. Bg3 Rd8 15.
Rd1 h6 16. O-O a6 17. Be4 Qe8 18. Bxd5 exd5 19. Nb6 Ra7 20. Bc7 Be6 21. Bxd8
Qxd8 22. Nxd5 Qa5 23. Nxe7+ Nxe7 24. b3 b5 25. Nd4 Bc8 26. c4 Rb7 27. c5 Rc7
28. Qe5 b4 29. Rc1 Ng6 30. Qe8+ Nf8 31. Qd8 Rxc5 32. Qxa5 1-0

[Event "1. Wolfgang-Schoebel-Gedenkturnier"]
[Site "Schoeneck"]
[Date "2017.12.30"]
[Round "6"]
[White "Penzel, Nils"]
[Black "Everett, Elijah"]
[Result "1-0"]
[WhiteElo "2146"]
[BlackElo "2189"]
[PlyCount "133"]
[EventDate "2017.12.27"]
[EventType "swiss"]
[EventRounds "7"]
[EventCountry "GER"]

1. d4 Nf6 2. Nf3 g6 3. c4 Bg7 4. Nc3 O-O 5. e4 d6 6. Be2 e5 7. O-O Nc6 8. d5
Ne7 9. Ne1 Nd7 10. Be3 f5 11. f3 f4 12. Bf2 g5 13. a4 a5 14. Nd3 b6 15. Be1 Nf6
16. Nf2 h5 17. h3 Rf7 18. b4 Bf8 19. bxa5 bxa5 20. Nb5 Ng6 21. Ra3 Rg7 22. Bd2
Nh4 23. Qe1 g4 24. fxg4 hxg4 25. hxg4 Nh5 26. Bxa5 Ng3 27. Rxg3 fxg3 28. Nh3
Ng6 29. Bd1 Nf4 30. Nxc7 Rxc7 31. Bxc7 Qxc7 32. Qxg3 Qc5+ 33. Qf2 Qxf2+ 34.
Rxf2 Bh6 35. g5 Bxh3 36. gxh6 Bd7 37. Rb2 Bxa4 38. Ra2 Bc6 39. Rxa8+ Bxa8 40.
Bg4 Kf7 41. Bf5 Bb7 42. g4 Ba6 43. c5 dxc5 44. d6 Bb5 45. d7 Bxd7 46. Bxd7 Kg6
47. g5 Kxg5 48. h7 Ng6 49. Bf5 Nh8 50. Kf2 Kf6 51. Ke3 Ke7 52. Kd3 Kd6 53. Kc4
Kc6 54. Bg4 Nf7 55. Bh5 Nh8 56. Be8+ Kd6 57. Kb5 Ke7 58. Bh5 Kd6 59. Be2 Nf7
60. Bg4 Nh8 61. Bh5 c4 62. Kxc4 Kc6 63. Be8+ Kd6 64. Kb5 Ke7 65. Bh5 Kf6 66.
Kc5 Kg5 67. Be8 1-0

[Event "1. Wolfgang-Schoebel-Gedenkturnier"]
[Site "Schoeneck"]
[Date "2017.12.30"]
[Round "6"]
[White "Poetsch, Hagen"]
[Black "Meyer, Kai Christian"]
[Result "1-0"]
[WhiteElo "2485"]
[BlackElo "2153"]
[PlyCount "53"]
[EventDate "2017.12.27"]
[EventType "swiss"]
[EventRounds "7"]
[EventCountry "GER"]

1. e4 c6 2. d4 d5 3. e5 Bf5 4. Nf3 e6 5. Be2 Ne7 6. O-O Nd7 7. Nbd2 Bg4 8. h3
Bxf3 9. Nxf3 Nf5 10. Bd3 Nh4 11. Ng5 g6 12. g3 h6 13. Nxe6 fxe6 14. gxh4 Qxh4
15. Bxg6+ Kd8 16. Kh2 h5 17. f4 c5 18. c3 cxd4 19. cxd4 Bb4 20. Bd2 Bxd2 21.
Qxd2 Rc8 22. Rf3 Rc7 23. Rc1 Rxc1 24. Qxc1 Nb8 25. f5 Nc6 26. Qf4 Nxd4 27.
Qxh4+ 1-0

[Event "1. Wolfgang-Schoebel-Gedenkturnier"]
[Site "Schoeneck"]
[Date "2017.12.30"]
[Round "7"]
[White "Casagrande, Thomas"]
[Black "Becker, Peter"]
[Result "1-0"]
[WhiteElo "1951"]
[BlackElo "1851"]
[PlyCount "31"]
[EventDate "2017.12.27"]
[EventType "swiss"]
[EventRounds "7"]
[EventCountry "GER"]

1. e4 d6 2. d4 Nf6 3. Nc3 g6 4. f4 Bg4 5. Qd3 Nc6 6. d5 Nb8 7. h3 Bd7 8. e5 Bf5
9. Qb5+ Nfd7 10. g4 c6 11. Qxb7 Nb6 12. gxf5 gxf5 13. dxc6 e6 14. c7 Qh4+ 15.
Kd1 N8d7 16. Qxa8+ 1-0

[Event "1. Wolfgang-Schoebel-Gedenkturnier"]
[Site "Schoeneck"]
[Date "2017.12.30"]
[Round "7"]
[White "Dolzhykova, Kateryna"]
[Black "Dunsbach, Ralf"]
[Result "1-0"]
[WhiteElo "2238"]
[BlackElo "2206"]
[PlyCount "85"]
[EventDate "2017.12.27"]
[EventType "swiss"]
[EventRounds "7"]
[EventCountry "GER"]

1. e4 c5 2. Nf3 Nc6 3. Bb5 g6 4. O-O Bg7 5. Re1 e5 6. Bxc6 dxc6 7. d3 Qe7 8. c3
Bg4 9. Nbd2 Nf6 10. h3 Bxf3 11. Qxf3 O-O 12. Nf1 Nd7 13. Qg3 Rfd8 14. f4 exf4
15. Bxf4 Ne5 16. Rad1 c4 17. dxc4 Rxd1 18. Rxd1 Nxc4 19. b3 Nb6 20. Bb8 Nd7 21.
Bxa7 Ne5 22. Qf2 h5 23. Bc5 Qe6 24. Ng3 h4 25. Ne2 Nd7 26. Bd4 Bxd4 27. Nxd4
Qf6 28. Nf5 Ne5 29. Rd6 Qg5 30. Nxh4 Qc1+ 31. Kh2 Qxc3 32. Qf6 Re8 33. Qg5 Qc2
34. Rd8 Rxd8 35. Qxd8+ Kg7 36. Qd4 f6 37. Qe3 Qxa2 38. Qb6 Qa6 39. Qc7+ Nf7 40.
Nf3 Qb5 41. Qe7 Qd3 42. e5 fxe5 43. Qxf7+ 1-0

[Event "1. Wolfgang-Schoebel-Gedenkturnier"]
[Site "Schoeneck"]
[Date "2017.12.30"]
[Round "7"]
[White "Engel, Berthold"]
[Black "Nazarenus, Moritz"]
[Result "0-1"]
[WhiteElo "2149"]
[BlackElo "2261"]
[PlyCount "122"]
[EventDate "2017.12.27"]
[EventType "swiss"]
[EventRounds "7"]
[EventCountry "GER"]

1. e4 c6 2. Nc3 d5 3. Nf3 dxe4 4. Nxe4 Nf6 5. Nxf6+ gxf6 6. d3 Qc7 7. Be3 Bf5
8. Qd2 e6 9. Nh4 Bg6 10. Nxg6 hxg6 11. g3 Nd7 12. Bg2 Be7 13. Qc3 Qe5 14. Qxe5
Nxe5 15. h3 Bb4+ 16. Ke2 Ba5 17. b3 Bb6 18. Rad1 O-O-O 19. d4 Nd7 20. c4 e5 21.
d5 c5 22. h4 f5 23. Bd2 Bc7 24. Bc3 Bd6 25. f3 Rh7 26. Rh3 Rdh8 27. Rdh1 Be7
28. Kf2 Kc7 29. Bf1 Kd6 30. Bd3 Bf6 31. Bd2 Bg7 32. Kg2 Bh6 33. Bc3 Be3 34. g4
Rg8 35. Kf1 fxg4 36. fxg4 Bd4 37. Bd2 f5 38. gxf5 gxf5 39. h5 e4 40. Be2 Ke7
41. Bf4 Kf6 42. Ke1 Rg2 43. Rf1 Ne5 44. h6 Ng6 45. Bd2 Be5 46. Bh5 b6 47. a3 a6
48. b4 Bd4 49. Bd1 e3 50. Rxe3 Bxe3 51. Bxe3 Re7 52. Rf3 Ne5 53. Rh3 Kg6 54.
Kf1 Ra2 55. bxc5 Nxc4 56. Bc1 bxc5 57. d6 Nxd6 58. Bh5+ Kh7 59. Bg5 Rb7 60. Be2
Rb1+ 61. Kf2 Ne4+ 0-1

[Event "1. Wolfgang-Schoebel-Gedenkturnier"]
[Site "Schoeneck"]
[Date "2017.12.30"]
[Round "7"]
[White "Everett, Elijah"]
[Black "Poetsch, Gero"]
[Result "0-1"]
[WhiteElo "2189"]
[BlackElo "1928"]
[PlyCount "46"]
[EventDate "2017.12.27"]
[EventType "swiss"]
[EventRounds "7"]
[EventCountry "GER"]

1. e4 e6 2. d4 d5 3. Nc3 Nf6 4. e5 Nfd7 5. f4 c5 6. Nf3 Nc6 7. Be3 Qb6 8. Na4
Qa5+ 9. c3 cxd4 10. b4 Nxb4 11. cxb4 Bxb4+ 12. Bd2 Bxd2+ 13. Nxd2 O-O 14. Bd3
b5 15. Nb2 Nb6 16. a4 Qc3 17. Qb1 Nc4 18. Bxc4 bxc4 19. Nd1 Qa5 20. Qc2 Ba6 21.
O-O d3 22. Qc1 Rac8 23. Nf3 c3 0-1

[Event "1. Wolfgang-Schoebel-Gedenkturnier"]
[Site "Schoeneck"]
[Date "2017.12.30"]
[Round "7"]
[White "Froehlich Dill, Astrid"]
[Black "Damljanovic, Sreten"]
[Result "1-0"]
[WhiteElo "1817"]
[BlackElo "1533"]
[PlyCount "91"]
[EventDate "2017.12.27"]
[EventType "swiss"]
[EventRounds "7"]
[EventCountry "GER"]

1. d4 d5 2. Nf3 Nf6 3. c4 c6 4. e3 g6 5. Nc3 Bg7 6. Bd3 O-O 7. O-O Nbd7 8. b3
dxc4 9. bxc4 c5 10. Bd2 b6 11. Rb1 Bb7 12. d5 Ne8 13. e4 e6 14. Qc2 e5 15. a4
Nd6 16. Nb5 Nxb5 17. Rxb5 h6 18. Be3 Rb8 19. h3 Qf6 20. Nh2 Qe7 21. Qd2 Kh7 22.
f4 exf4 23. Bxf4 Ne5 24. Ng4 Nxg4 25. hxg4 Rbe8 26. g3 Bc8 27. Qe2 Qd7 28. a5
bxa5 29. Rxa5 a6 30. Be3 Qc7 31. Qe1 Bc3 32. Rxc5 Qxc5 33. Bxc5 Bxe1 34. Bxf8
Bxg3 35. Rxf7+ Kg8 36. Rf3 Rxf8 37. Rxg3 Rf4 38. c5 a5 39. c6 Rxg4 40. Rxg4
Bxg4 41. d6 Kf8 42. e5 Ke8 43. Bxg6+ Kd8 44. Bf7 Bf3 45. c7+ Kc8 46. Be6+ 1-0

[Event "1. Wolfgang-Schoebel-Gedenkturnier"]
[Site "Schoeneck"]
[Date "2017.12.30"]
[Round "7"]
[White "Hankel, Dennis"]
[Black "Poetsch, Hagen"]
[Result "0-1"]
[WhiteElo "2128"]
[BlackElo "2485"]
[PlyCount "84"]
[EventDate "2017.12.27"]
[EventType "swiss"]
[EventRounds "7"]
[EventCountry "GER"]

1. d4 Nf6 2. Bf4 d6 3. Nc3 Nbd7 4. Nf3 c5 5. d5 b5 6. Qd3 Ba6 7. e3 Qa5 8. Nd2
c4 9. Qd4 g6 10. e4 Bg7 11. Qe3 O-O 12. Be2 b4 13. Nd1 c3 14. bxc3 Bxe2 15.
Qxe2 bxc3 16. Nb3 Qb4 17. f3 Nxd5 18. exd5 Qxf4 19. O-O Nb6 20. Ne3 a5 21. g3
Qe5 22. Rad1 f5 23. Rfe1 f4 24. Qb5 fxe3 25. f4 Qf5 26. Qxb6 Qxc2 27. Qxe3 Qxa2
28. Nd4 c2 29. Rd2 Rac8 30. Nc6 Qb2 31. Rd3 Kh8 32. Rb3 Qa2 33. Rc1 e6 34. Qd3
a4 35. Ra3 Qb2 36. Rxc2 Qb1+ 37. Kg2 exd5 38. Qd2 Qb5 39. Ne7 Rxc2 40. Qxc2 Qb7
41. Re3 d4+ 42. Qe4 d5 0-1